[Event "40th Olympiad Open"]
[Site "Istanbul TUR"]
[Date "2012.09.01"]
[Round "5.26"]
[Board "2"]
[White "Urkedal, Frode"]
[Black "Khusenkhojaev, Muhammad"]
[Result "1/2-1/2"]
[WhiteTitle "IM"]
[WhiteElo "2473"]
[BlackElo "2378"]
[WhiteTeam "Norway"]
[BlackTeam "Tajikistan"]
[WhiteFideId "1506102"]
[BlackFideId "14700247"]
[EventDate "2012.08.28"]

1. d4 Nf6 2. c4 e6 3. Nc3 Bb4 4. e3 b6 5. Ne2 Bb7 6. a3 Be7 7. d5 d6 8. g3 e5 9.
Bg2 O-O 10. O-O Nbd7 11. b4 a5 12. Bd2 Qb8 13. Qb3 Rc8 14. e4 c6 15. dxc6 Bxc6
16. Nd5 Bd8 17. Nec3 b5 18. cxb5 Bxb5 19. Nxb5 Qxb5 20. a4 Qc4 21. Qxc4 Rxc4 22.
Ne3 Rd4 23. Bc3 Rd3 24. Rfc1 Bb6 25. bxa5 Rxc3 26. Rxc3 Bd4 27. Rac1 Bxc3 28.
Rxc3 Nc5 29. Nc4 Nfd7 30. f3 Kf8 31. Bh3 Ke7 32. Bxd7 Nxd7 33. Nb6 Nxb6 34. axb6
Rxa4 35. Rc7+ Ke6 36. b7 Rb4 37. f4 exf4 38. gxf4 g6 39. f5+ gxf5 40. exf5+ Kf6
41. Kf2 Rb3 42. Ke2 h5 43. Kd2 h4 44. Kc2 Rb6 45. h3 Kxf5 46. Rxf7+ Ke4 47. Kc3
Kd5 48. Rc7 Rb5 49. Kd3 Rb3+ 50. Kc2 Rb6 51. Kd3 Rb3+ 52. Kc2 Rb6 53. Kd3 Ke5 1/2-1/2

[Event "40th Olympiad Open"]
[Site "Istanbul TUR"]
[Date "2012.09.01"]
[Round "5.26"]
[Board "3"]
[White "Djuraev, Sokhib"]
[Black "Bae, Torstein"]
[Result "1/2-1/2"]
[WhiteTitle "FM"]
[BlackTitle "IM"]
[WhiteElo "2354"]
[BlackElo "2420"]
[WhiteTeam "Tajikistan"]
[BlackTeam "Norway"]
[WhiteFideId "14201690"]
[BlackFideId "1501887"]
[EventDate "2012.08.28"]

1. e4 e5 2. Nf3 Nc6 3. d4 exd4 4. Nxd4 Nf6 5. Nxc6 bxc6 6. e5 Qe7 7. Qe2 Nd5 8.
c4 Ba6 9. b3 g6 10. g3 Bg7 11. Bb2 O-O 12. Bg2 Rae8 13. O-O Bxe5 14. Qxe5 Qxe5
15. Bxe5 Rxe5 16. cxd5 Bxf1 17. Kxf1 cxd5 18. f4 Re3 19. Bxd5 Rd3 20. Bf3 Re8
21. Kf2 d5 22. b4 d4 23. b5 g5 24. Be2 Rde3 25. Bd1 gxf4 26. Nd2 fxg3+ 27. hxg3
Rc3 28. Nf3 d3 29. Rb1 c5 30. bxc6 Rxc6 31. Rb2 Rd6 32. Rd2 a5 33. Ne1 Rf6+ 34.
Nf3 Rd6 35. Ng1 Re5 36. Nh3 h5 37. Nf4 h4 38. gxh4 Rf5 39. Ke3 Re5+ 40. Kf3 Rf5
41. Ke4 Rb5 42. Rg2+ Kf8 43. Rd2 Rb4+ 44. Ke3 Rf6 45. Ng2 Re6+ 46. Kf2 Rf6+ 47.
Kg3 Rg6+ 48. Kh3 Rd6 49. h5 a4 50. Kg3 a3 51. Bb3 Rb5 52. h6 Rh5 53. Nf4 Rhxh6
54. Bd5 Ra6 55. Rxd3 Rhd6 56. Rd4 Ra5 57. Kf3 Rb5 58. Ke4 Rb2 59. Bc4 Rxd4+ 60.
Kxd4 Kg7 61. Nd3 Rb8 62. Ne1 Kg6 63. Nc2 Ra8 64. Kc3 f5 65. Kb3 f4 66. Nxa3 f3
67. Nc2 Re8 68. Kc3 Kf5 69. Bb5 Re7 70. Kd2 Ke4 71. Bc6+ Kf4 72. a4 f2 73. Bb5
Kf3 74. Nd4+ Kg2 75. Nf5 Ra7 76. Ne3+ Kg1 77. Ke2 Re7 78. Kf3 Ra7 79. Ke4 1/2-1/2

[Event "40th Olympiad Open"]
[Site "Istanbul TUR"]
[Date "2012.09.01"]
[Round "5.26"]
[Board "4"]
[White "Moen, Andreas"]
[Black "Isaev, Jamshed"]
[Result "1/2-1/2"]
[WhiteTitle "FM"]
[BlackTitle "IM"]
[WhiteElo "2348"]
[BlackElo "2357"]
[WhiteTeam "Norway"]
[BlackTeam "Tajikistan"]
[WhiteFideId "1501453"]
[BlackFideId "14700050"]
[EventDate "2012.08.28"]

1. e4 e5 2. Nf3 Nc6 3. Bb5 a6 4. Ba4 Nf6 5. O-O b5 6. Bb3 Bc5 7. a4 Rb8 8. Nxe5
Nxe5 9. d4 Bxd4 10. Qxd4 d6 11. axb5 axb5 12. f4 c5 13. Qc3 Nc6 14. e5 Ne4 15.
Qd3 f5 16. exf6 Nxf6 17. Re1+ Kf8 18. c4 Nd4 19. cxb5 Rxb5 20. Ba4 Rb4 21. Nc3
Bf5 22. Qd1 Kf7 23. h3 h5 24. Ne2 Qb6 25. Nxd4 cxd4 26. Ra3 Be4 27. Rb3 d5 28.
Bd2 Rxb3 29. Qxb3 Qxb3 30. Bxb3 Ke6 31. Ba4 Rb8 32. b4 Ra8 33. Ra1 Kd6 34. Ra2
Bb1 35. Rb2 Bd3 36. Bc2 Ra1+ 37. Kh2 Bxc2 38. Rxc2 Ne4 39. f5 Rf1 40. b5 h4 41.
b6 Rb1 42. Bf4+ Ke7 43. Rc7+ Kf6 44. b7 d3 45. Rd7 Ng3 46. Bxg3 hxg3+ 47. Kxg3
Ke5 48. Kf2 d2 49. b8=Q+ Rxb8 50. Ke2 Rb1 51. Kxd2 Rb2+ 52. Kd3 Rxg2 53. Rf7
Rg3+ 54. Ke2 d4 55. h4 Ke4 56. f6 gxf6 57. Rxf6 Rg2+ 58. Rf2 d3+ 59. Ke1 Rg1+
60. Kd2 Rh1 61. Rf8 Rh2+ 62. Kd1 Rxh4 63. Re8+ Kd4 64. Rd8+ Kc3 65. Rc8+ Rc4 66.
Rxc4+ Kxc4 67. Kd2 Kd4 68. Kd1 Ke5 1/2-1/2

[Event "40th Olympiad Open"]
[Site "Istanbul TUR"]
[Date "2012.09.01"]
[Round "5.27"]
[Board "1"]
[White "Nyback, Tomi"]
[Black "Gruenfeld, Yehuda"]
[Result "0-1"]
[WhiteTitle "GM"]
[BlackTitle "GM"]
[WhiteElo "2638"]
[BlackElo "2434"]
[WhiteTeam "Finland"]
[BlackTeam "ICSC"]
[WhiteFideId "503142"]
[BlackFideId "2800020"]
[EventDate "2012.08.28"]

1. d4 Nf6 2. c4 c5 3. d5 e6 4. Nc3 exd5 5. cxd5 d6 6. Nf3 g6 7. Bf4 a6 8. a4 Bg7
9. h3 O-O 10. e3 Ne8 11. Be2 Nd7 12. O-O Qe7 13. e4 Ne5 14. Nxe5 Bxe5 15. Bxe5
Qxe5 16. f4 Qd4+ 17. Qxd4 cxd4 18. Nb1 Nf6 19. Bf3 Re8 20. Nd2 Bd7 21. Rfe1 Rec8
22. e5 Rc2 23. Rad1 Ne8 24. b3 Rc3 25. Re4 d3 26. Rb4 b5 27. Ne4 Rc2 28. Rxd3 a5
29. Rbd4 bxa4 30. bxa4 Rb8 31. Bg4 f5 32. exf6 Bf5 33. Bxf5 gxf5 34. Rg3+ Kf8
35. f7 Kxf7 36. Ng5+ Kg6 37. Rdd3 h6 38. Nf3+ Kf6 39. Rg8 Kf7 40. Rh8 Kg7 41.
Rxe8 Rxe8 42. Nd4 Rc1+ 43. Kh2 Kf6 44. g4 fxg4 45. hxg4 Re4 46. Kg3 Rc4 47. Ne6
Rxa4 48. Kh4 Ra1 49. Rc3 Rd1 50. Rc7 Rxd5 51. Ng7 Re7 0-1

[Event "40th Olympiad Open"]
[Site "Istanbul TUR"]
[Date "2012.09.01"]
[Round "5.27"]
[Board "3"]
[White "Sipila, Vilka"]
[Black "Salov, Sergej"]
[Result "1-0"]
[WhiteTitle "FM"]
[BlackTitle "IM"]
[WhiteElo "2431"]
[BlackElo "2234"]
[WhiteTeam "Finland"]
[BlackTeam "ICSC"]
[WhiteFideId "505455"]
[BlackFideId "4107926"]
[EventDate "2012.08.28"]

1. Nf3 Nf6 2. c4 e6 3. Nc3 Bb4 4. Qc2 O-O 5. a3 Bxc3 6. Qxc3 d6 7. g3 e5 8. Bg2
Nc6 9. O-O a5 10. d4 Ne4 11. Qe3 f5 12. b3 Qe7 13. Bb2 Bd7 14. Rad1 Be8 15. dxe5
dxe5 16. Ne1 Nc5 17. Rd5 Nd7 18. Nd3 e4 19. Nf4 Nd8 20. g4 fxg4 21. Bxe4 Nc6 22.
Ne6 Nf6 23. Rg5 Rf7 24. Bd5 Nxd5 25. cxd5 Nd8 26. Rxg4 c6 27. Bxg7 1-0

[Event "40th Olympiad Open"]
[Site "Istanbul TUR"]
[Date "2012.09.01"]
[Round "5.27"]
[Board "4"]
[White "Frink, Ferenc"]
[Black "Ebeling, Daniel"]
[Result "0-1"]
[WhiteTitle "FM"]
[BlackTitle "FM"]
[WhiteElo "2197"]
[BlackElo "2350"]
[WhiteTeam "ICSC"]
[BlackTeam "Finland"]
[WhiteFideId "704946"]
[BlackFideId "505170"]
[EventDate "2012.08.28"]

1. e4 c5 2. b4 cxb4 3. a3 d5 4. e5 Nc6 5. d4 Qb6 6. Be3 Bf5 7. Bd3 Bxd3 8. Qxd3
e6 9. Ne2 Nge7 10. O-O Nf5 11. axb4 Bxb4 12. c3 Be7 13. Nd2 O-O 14. h3 a5 15.
Nf4 Qa6 16. Qc2 g6 17. g4 Nxe3 18. fxe3 a4 19. e4 Bg5 20. exd5 Bxf4 21. Rxf4
exd5 22. Qa2 Qe2 23. Raf1 Qe3+ 24. Kg2 Qxc3 25. Nf3 Nb4 26. Qe2 Qd3 27. Qf2 Qc2
28. Ng5 a3 29. Nxf7 a2 30. e6 Qxf2+ 31. R1xf2 a1=Q 32. e7 Rfe8 33. Nh6+ Kg7 34.
Rf7+ Kxh6 35. h4 Ra2 36. g5+ Kh5 37. Kg3 Qg1+ 38. Kh3 Ra3+ 0-1

[Event "40th Olympiad Open"]
[Site "Istanbul TUR"]
[Date "2012.09.01"]
[Round "5.28"]
[Board "1"]
[White "Adu, Oladapo"]
[Black "Zapata, Alonso"]
[Result "0-1"]
[WhiteTitle "IM"]
[BlackTitle "GM"]
[WhiteElo "2227"]
[BlackElo "2481"]
[WhiteTeam "Nigeria"]
[BlackTeam "Colombia"]
[WhiteFideId "8500258"]
[BlackFideId "4400011"]
[EventDate "2012.08.28"]

1. e4 c5 2. Nf3 d6 3. d4 cxd4 4. Nxd4 Nf6 5. Nc3 a6 6. Bg5 e6 7. f4 Qc7 8. Qf3
Nbd7 9. O-O-O Be7 10. g4 b5 11. Bxf6 Nxf6 12. g5 Nd7 13. h4 b4 14. Nce2 Bb7 15.
Ng3 Rc8 16. Rh2 Nc5 17. Bh3 O-O 18. h5 f5 19. Qe3 Bxg5 20. Nxe6 Nxe6 21. fxg5
Nc5 22. Nxf5 Nxe4 23. h6 g6 24. Ng7 Qe7 25. Be6+ Kh8 26. Bxc8 Rxc8 27. Rd4 Rf8
28. Rd1 a5 29. Rg2 Qe5 30. Rg4 Nf2 31. Qxe5 dxe5 32. Ne6 Rc8 33. Rc4 Nxd1 34.
Rxc8+ Bxc8 35. Nd8 Nf2 36. Nf7+ Kg8 37. Nxe5 Ne4 38. Nc6 Be6 39. Nxa5 Bd5 40.
Nb3 Bxb3 41. cxb3 Kf7 42. Kc2 Ke6 43. Kd3 Kd5 44. a4 Nxg5 0-1

[Event "40th Olympiad Open"]
[Site "Istanbul TUR"]
[Date "2012.09.01"]
[Round "5.28"]
[Board "2"]
[White "Escobar Forero, Alder"]
[Black "Bomo, Kigigha"]
[Result "1/2-1/2"]
[WhiteTitle "IM"]
[BlackTitle "CM"]
[WhiteElo "2493"]
[BlackElo "2046"]
[WhiteTeam "Colombia"]
[BlackTeam "Nigeria"]
[WhiteFideId "4400801"]
[BlackFideId "8500037"]
[EventDate "2012.08.28"]

1. e4 c5 2. Nf3 Nc6 3. d4 cxd4 4. Nxd4 Qb6 5. Nb3 Nf6 6. Bd3 e6 7. O-O a6 8. c4
d6 9. Nc3 Be7 10. Be3 Qc7 11. Rc1 Ne5 12. Be2 b6 13. Nd4 O-O 14. f4 Ned7 15. b4
Re8 16. Bd3 Bb7 17. g4 Nf8 18. g5 N6d7 19. Qh5 Qd8 20. Rf3 g6 21. Qh6 e5 22. f5
exd4 23. Bxd4 Ne5 24. Bxe5 dxe5 25. f6 Ne6 26. fxe7 Qxe7 27. Nd5 Bxd5 28. exd5
e4 29. Rf6 Nxg5 30. Qxg5 exd3 31. d6 Qe2 32. Rf2 Qe6 33. c5 h6 34. Qf4 g5 35.
Qd4 Rad8 36. Rd2 Qf5 37. Rf1 Re4 38. Qxd3 Rg4+ 39. Kh1 Qe5 40. Re2 Qd4 41. Qxd4
Rxd4 42. Re7 bxc5 43. bxc5 Rd5 44. Rc7 f5 45. Re1 Kf8 46. Rc1 Rd2 47. Rh7 Kg8
48. Rxh6 Kg7 49. Rh3 f4 50. Kg1 Kf6 51. Rhc3 Ke5 52. R3c2 Rxc2 53. Rxc2 Kd5 54.
Kg2 g4 55. h3 gxh3+ 56. Kxh3 Rg8 57. d7 Kc6 58. Rd2 Rd8 59. Kg4 Rxd7 60. Rxd7
Kxd7 61. Kxf4 Kc6 62. Ke3 Kxc5 63. Kd3 1/2-1/2

[Event "40th Olympiad Open"]
[Site "Istanbul TUR"]
[Date "2012.09.01"]
[Round "5.29"]
[Board "1"]
[White "Valdes, Leonardo"]
[Black "Ragger, Markus"]
[Result "1-0"]
[WhiteTitle "IM"]
[BlackTitle "GM"]
[WhiteElo "2366"]
[BlackElo "2670"]
[WhiteTeam "Costa Rica"]
[BlackTeam "Austria"]
[WhiteFideId "6500331"]
[BlackFideId "1610856"]
[EventDate "2012.08.28"]

1. Nf3 Nc6 2. g3 e5 3. d3 d5 4. Bg2 Nf6 5. O-O Be7 6. c4 O-O 7. cxd5 Nxd5 8. Nc3
Nb6 9. a3 Be6 10. b4 Nd4 11. Be3 Nxf3+ 12. Bxf3 c6 13. Rb1 Nd5 14. Bd2 Rc8 15.
Na4 b6 16. Qc2 Qd7 17. Rfe1 f5 18. Rbc1 Kh8 19. Bg2 f4 20. Nc3 Bh3 21. Ne4 Nf6
22. Bc3 Qf5 23. f3 Bxg2 24. Kxg2 Nxe4 25. dxe4 Qg5 26. Qb2 Bf6 27. Qb3 h5 28.
Qe6 Rce8 29. Qh3 Qh6 30. Rcd1 Bg5 31. Rd7 a6 32. Red1 Re6 33. Kh1 fxg3 34. hxg3
h4 35. Kg2 Be7 36. Bd2 Qf6 37. Qxh4+ Qxh4 38. gxh4 c5 39. bxc5 Bxc5 40. a4 Bd4
41. Rc1 Bc5 42. h5 Kg8 43. a5 Rf7 44. Rd8+ Rf8 45. Rd5 g6 46. Rh1 gxh5 47. Rxh5
Bd4 48. Rg5+ Kh8 49. e3 Bb2 50. Kf2 b5 51. Rd7 Rh6 52. f4 Rg8 53. Rxg8+ Kxg8 54.
Bb4 exf4 55. exf4 Rc6 56. Kf3 Rc4 57. Bd6 b4 58. Rb7 Bc3 59. e5 Rd4 60. f5 Rd1
61. f6 Rf1+ 62. Ke4 b3 63. Rxb3 Bxa5 64. Rb8+ Kf7 65. Rb7+ Kg6 66. Rg7+ Kh6 67.
Kd5 Bd2 68. Ke6 a5 69. Rg2 Bg5 70. f7 1-0

[Event "40th Olympiad Open"]
[Site "Istanbul TUR"]
[Date "2012.09.01"]
[Round "5.29"]
[Board "2"]
[White "Shengelia, David"]
[Black "Gonzalez, Bernal"]
[Result "1/2-1/2"]
[WhiteTitle "GM"]
[BlackTitle "IM"]
[WhiteElo "2545"]
[BlackElo "2413"]
[WhiteTeam "Austria"]
[BlackTeam "Costa Rica"]
[WhiteFideId "13601270"]
[BlackFideId "6500170"]
[EventDate "2012.08.28"]

1. d4 d5 2. c4 c6 3. e3 Nf6 4. Nc3 a6 5. Qc2 g6 6. Bd3 Bg7 7. Nge2 O-O 8. O-O b5
9. cxd5 cxd5 10. Nf4 Nc6 11. Ncxd5 Nxd5 12. Nxd5 Bb7 13. Qc5 e6 14. Nb4 Nxb4 15.
Qxb4 e5 16. Rd1 Qh4 17. Bf1 Rfd8 18. a4 exd4 19. axb5 Qh5 20. Qe1 dxe3 21. Rxd8+
Rxd8 22. bxa6 Be5 23. h3 Rd1 24. Bxe3 Rxe1 25. Rxe1 Bd5 26. a7 Qf5 27. Rd1 Bc6
28. b4 Bf4 29. Bxf4 Qxf4 30. b5 Qa4 31. bxc6 Qxa7 32. Rd7 Qc5 33. c7 Kg7 34. g3
Qc1 35. h4 Kf6 36. Kh2 Qxf1 37. c8=Q Qxf2+ 38. Kh3 Qf1+ 39. Kh2 Qf2+ 40. Kh1 1/2-1/2

[Event "40th Olympiad Open"]
[Site "Istanbul TUR"]
[Date "2012.09.01"]
[Round "5.29"]
[Board "3"]
[White "Murillo Tsijli, Alexis"]
[Black "Novkovic, Milan"]
[Result "0-1"]
[WhiteTitle "IM"]
[BlackTitle "IM"]
[WhiteElo "2278"]
[BlackElo "2400"]
[WhiteTeam "Costa Rica"]
[BlackTeam "Austria"]
[WhiteFideId "6500218"]
[BlackFideId "1613103"]
[EventDate "2012.08.28"]

1. d4 d5 2. c4 e6 3. Nf3 Nf6 4. Bg5 Be7 5. e3 h6 6. Bh4 O-O 7. Nbd2 b6 8. Rc1
Bb7 9. Qc2 Nbd7 10. Be2 c5 11. O-O Rc8 12. Rfd1 a6 13. dxc5 bxc5 14. Bg3 Qb6 15.
cxd5 exd5 16. Nh4 Rfe8 17. Nf5 Bf8 18. Qb3 Re6 19. Qxb6 Rxb6 20. b3 g6 21. Nh4
Re8 22. Bf1 Rc8 23. h3 Re6 24. Nhf3 Bg7 25. Bh2 h5 26. Bf4 Ree8 27. Bg5 Nh7 28.
Bh4 Nhf8 29. g4 Nf6 30. g5 N6d7 31. Bg3 Ne6 32. h4 Nb6 33. Ne1 Red8 34. Bg2 Ba8
35. e4 Nd4 36. Kf1 c4 37. exd5 c3 38. Ne4 Nxd5 39. Nd6 Rc5 40. Nc4 Nf5 41. Nc2
Nxg3+ 42. fxg3 Re8 43. Re1 Bc6 44. Rxe8+ Bxe8 45. Rd1 Bc6 46. Kf2 a5 47. Bxd5
Bxd5 48. N4e3 Be6 49. Rd8+ Bf8 50. Ke2 Kg7 51. Kd3 Be7 52. Re8 Bd6 53. Nd4 Bh3
54. Nc4 Bxg3 55. Re4 Bg4 56. a3 Bxh4 57. b4 axb4 58. axb4 Rxg5 59. b5 Bf2 60.
Re5 Rxe5 61. Nxe5 Bxd4 62. Kxd4 c2 63. Nd3 Be2 64. b6 Bxd3 65. b7 c1=Q 66. b8=Q
Qc4+ 67. Ke3 Bf5 0-1

[Event "40th Olympiad Open"]
[Site "Istanbul TUR"]
[Date "2012.09.01"]
[Round "5.29"]
[Board "4"]
[White "Neubauer, Martin"]
[Black "Alfaro Rojas, Alfonso"]
[Result "1-0"]
[WhiteTitle "IM"]
[WhiteElo "2442"]
[BlackElo "2239"]
[WhiteTeam "Austria"]
[BlackTeam "Costa Rica"]
[WhiteFideId "1602675"]
[BlackFideId "6500013"]
[EventDate "2012.08.28"]

1. d4 d5 2. c4 c6 3. Nf3 Nf6 4. e3 e6 5. b3 Nbd7 6. Bb2 Bd6 7. Bd3 O-O 8. O-O
Re8 9. Ne5 c5 10. Nd2 b6 11. cxd5 exd5 12. f4 Bb7 13. Qf3 Rc8 14. Qh3 Nf8 15.
Rad1 a6 16. a4 cxd4 17. exd4 Bb4 18. Qe3 Qd6 19. Rc1 Ng4 20. Qe2 f6 21. Rxc8
Bxc8 22. Ne4 dxe4 23. Bc4+ Ne6 24. Nxg4 Kf8 25. Qxe4 Nxd4 26. Qxh7 Be6 27. Qh8+
Kf7 28. Ne5+ 1-0

[Event "40th Olympiad Open"]
[Site "Istanbul TUR"]
[Date "2012.09.01"]
[Round "5.30"]
[Board "2"]
[White "Juarez Flores, Carlos A."]
[Black "Miezis, Normunds"]
[Result "1/2-1/2"]
[WhiteTitle "IM"]
[BlackTitle "GM"]
[WhiteElo "2349"]
[BlackElo "2580"]
[WhiteTeam "Guatemala"]
[BlackTeam "Latvia"]
[WhiteFideId "7300018"]
[BlackFideId "11600136"]
[EventDate "2012.08.28"]

1. e4 c5 2. Nf3 e6 3. d4 cxd4 4. Nxd4 a6 5. c4 Nf6 6. Nc3 Bb4 7. Qf3 Qc7 8. a3
Bd6 9. Be3 Be5 10. Rc1 O-O 11. Bd3 Nc6 12. Nxc6 dxc6 13. c5 Rd8 14. Bb1 Bd4 15.
O-O e5 16. Ba2 Qe7 17. Na4 Bg4 18. Qg3 Be6 19. Bb1 Bxe3 20. Qxe3 Rd4 21. Nb6
Rad8 22. Qg5 Qc7 23. Rfe1 h6 24. Qg3 Nh5 25. Qf3 Nf4 26. Rcd1 Qe7 27. Nd5 cxd5
28. Rxd4 exd4 29. Qxf4 Qxc5 30. e5 Qb6 31. Qd2 Rc8 32. h3 Bd7 33. Ba2 Qc5 34.
Rd1 Ba4 35. b3 Bd7 36. b4 Qc3 37. Qxd4 Qxd4 38. Rxd4 Be6 39. f4 Kf8 40. Rd1 Rd8
41. Rc1 Ke7 42. Rc7+ Rd7 43. Rxd7+ Kxd7 44. f5 Bxf5 45. Bxd5 Be6 46. Bxb7 Bc4
47. Kf2 Ke6 48. Ke3 Kxe5 1/2-1/2

[Event "40th Olympiad Open"]
[Site "Istanbul TUR"]
[Date "2012.09.01"]
[Round "5.30"]
[Board "3"]
[White "Samolins, Vitalijs"]
[Black "Galvez Dastin, Eduardo"]
[Result "1-0"]
[WhiteTitle "IM"]
[WhiteElo "2404"]
[BlackElo "2160"]
[WhiteTeam "Latvia"]
[BlackTeam "Guatemala"]
[WhiteFideId "11602112"]
[BlackFideId "7300310"]
[EventDate "2012.08.28"]

1. e4 c6 2. d4 d5 3. f3 dxe4 4. fxe4 e5 5. Nf3 Bg4 6. Bc4 Nd7 7. O-O Ngf6 8. c3
Bd6 9. Bg5 O-O 10. Nbd2 b5 11. Bb3 h6 12. Bxf6 Nxf6 13. Qe1 exd4 14. cxd4 Bb4
15. Qe3 Qb6 16. Ne5 Rae8 17. Nxf7 Rxf7 18. Bxf7+ Kxf7 19. Qb3+ Kg6 20. Qxb4 Nxe4
21. Rae1 a5 22. Qb3 Qxd4+ 23. Qe3 Qxd2 24. Qxd2 Nxd2 25. Rxe8 Nxf1 26. Kxf1 a4
27. Kf2 Kf7 28. Rb8 Be6 29. a3 Bd5 30. g3 Kf6 31. Ke3 Kf5 32. Kd4 Kg4 33. Rb7 g5
34. Rg7 Kh3 35. Ke3 Kxh2 36. Kf2 Kh3 37. Rg6 Kg4 38. Rxh6 Kf5 39. Ke3 Kg4 40.
Rg6 Kf5 41. Rg7 Kf6 42. Rh7 Kg6 43. Rh8 Kf5 44. Rh7 Kg6 45. Rc7 Kf5 46. Re7 Kf6
47. Re8 Kf5 48. Kd4 Kg4 49. Re5 Bf3 50. Kc5 Bg2 51. Kd6 Bd5 52. Kc5 Bg2 53. Kd4
Bf3 54. Ke3 Bd5 55. Kf2 Bh1 56. Re1 Bd5 57. Rd1 Kf5 58. Rd4 Ke5 59. Ke3 Bf3 60.
Rd7 g4 61. Kd3 Ke6 62. Rg7 Kf6 63. Rg8 Ke5 64. Rg5+ Kf6 65. Rh5 Ke6 66. Kd4 Kf6
67. Re5 Bg2 68. Re3 Bd5 69. Kc5 Kf5 70. Kd6 Be4 71. b3 axb3 72. Rxb3 Bf3 73. Re3
Be4 74. Re1 Bf3 75. Re5+ Kf6 76. Rc5 Bg2 77. Rxc6 Bxc6 78. Kxc6 Ke5 79. Kxb5 Ke4
80. a4 Kf3 81. a5 Kxg3 82. a6 Kf2 83. a7 g3 84. a8=Q g2 85. Qf8+ 1-0

[Event "40th Olympiad Open"]
[Site "Istanbul TUR"]
[Date "2012.09.01"]
[Round "5.30"]
[Board "4"]
[White "Giron, David"]
[Black "Starostits, Ilmars"]
[Result "0-1"]
[BlackTitle "GM"]
[WhiteElo "2025"]
[BlackElo "2494"]
[WhiteTeam "Guatemala"]
[BlackTeam "Latvia"]
[WhiteFideId "7300697"]
[BlackFideId "11600748"]
[EventDate "2012.08.28"]

1. e4 c6 2. d4 d5 3. Nc3 a6 4. a4 dxe4 5. Nxe4 Bf5 6. Ng3 Bg6 7. h4 h6 8. Nf3
Nf6 9. Ne5 Bh7 10. Bd3 Bxd3 11. Qxd3 e6 12. Bf4 Be7 13. h5 Nbd7 14. Ne4 Nxe5 15.
Bxe5 Qd5 16. f3 O-O-O 17. Kf2 Nxe4+ 18. fxe4 Qa5 19. Ke2 Bf6 20. Bxf6 gxf6 21.
c3 Rhg8 22. Qf3 f5 23. Rh4 Rg5 24. b4 Qc7 25. e5 Rdg8 26. Kf2 Qd8 27. Rhh1 Rg4
28. g3 Qg5 29. Rag1 Qd2+ 30. Kf1 Re4 0-1

[Event "40th Olympiad Open"]
[Site "Istanbul TUR"]
[Date "2012.09.01"]
[Round "5.31"]
[Board "4"]
[White "Ortiz Suarez, Isan Reynaldo"]
[Black "Ostos, Julio"]
[Result "1-0"]
[WhiteTitle "GM"]
[BlackTitle "IM"]
[WhiteElo "2569"]
[BlackElo "2345"]
[WhiteTeam "Cuba"]
[BlackTeam "Venezuela"]
[WhiteFideId "3507165"]
[BlackFideId "3900053"]
[EventDate "2012.08.28"]

1. d4 Nf6 2. c4 c5 3. Nf3 g6 4. Nc3 Bg7 5. e4 O-O 6. Be2 d6 7. O-O Bg4 8. d5 e6
9. Bf4 exd5 10. exd5 Re8 11. h3 Bf5 12. Nd2 Na6 13. g4 Bc8 14. Re1 h5 15. f3 Nd7
16. Nde4 Ne5 17. Nb5 hxg4 18. fxg4 Qh4 19. Kg2 f5 20. Bg3 Qh8 21. Nexd6 Rf8 22.
Nxc8 Raxc8 23. Rf1 Bh6 24. d6 1-0

[Event "40th Olympiad Open"]
[Site "Istanbul TUR"]
[Date "2012.09.01"]
[Round "5.32"]
[Board "1"]
[White "Kulpruethanon, Thanadon"]
[Black "Kobese, Watu"]
[Result "1/2-1/2"]
[BlackTitle "IM"]
[WhiteElo "2068"]
[BlackElo "2363"]
[WhiteTeam "Thailand"]
[BlackTeam "South Africa"]
[WhiteFideId "6201610"]
[BlackFideId "14300141"]
[EventDate "2012.08.28"]

1. e4 e5 2. Nf3 Nc6 3. Bb5 a6 4. Ba4 Nf6 5. O-O Be7 6. Qe2 b5 7. Bb3 d6 8. c3
O-O 9. Rd1 Na5 10. Bc2 c5 11. d4 Qc7 12. d5 Nb7 13. h3 Bd7 14. Be3 c4 15. b4 a5
16. a3 Ra6 17. Nbd2 Rfa8 18. Rac1 axb4 19. axb4 Ra3 20. Bb1 g6 21. g4 h5 22. Nh2
hxg4 23. hxg4 Qc8 24. f3 Nh7 25. Kg2 Qd8 26. Nhf1 Bg5 27. Ng3 Bxe3 28. Qxe3 Qg5
29. Qb6 R3a6 30. Qf2 Nf6 31. Ndf1 Kf8 32. Ne3 Ke7 33. Rh1 Ng8 34. Ne2 Nf6 35.
Kf1 Ra1 36. Ke1 Rg8 37. Kd2 Raa8 38. Kc2 Rh8 39. Kb2 Nh7 40. Bc2 Qf6 41. Ra1
Rxa1 42. Rxa1 Ng5 43. Ng1 Rb8 44. Ra7 Ke8 45. Ng2 Nd8 46. Qe3 Rb7 47. Ra6 Ke7
48. Bd1 Nh7 49. Nh3 g5 50. Qf2 Qh6 51. Qg3 f6 52. Ne3 Qh4 53. Qg2 Qe1 54. Qg1
Qxg1 55. Nxg1 Nf8 56. Ne2 Ng6 57. Ng3 Nh4 58. Nef5+ Bxf5 59. exf5 Ng2 60. Nf1
Nf7 61. Kc1 Nh6 62. Kd2 Nf7 63. Bc2 Nh6 1/2-1/2

[Event "40th Olympiad Open"]
[Site "Istanbul TUR"]
[Date "2012.09.01"]
[Round "5.32"]
[Board "2"]
[White "Steel, Henry Robert"]
[Black "Kananub, Warot"]
[Result "1-0"]
[WhiteTitle "FM"]
[WhiteElo "2397"]
[BlackElo "2139"]
[WhiteTeam "South Africa"]
[BlackTeam "Thailand"]
[WhiteFideId "14300567"]
[BlackFideId "6201601"]
[EventDate "2012.08.28"]

1. e4 c5 2. Nf3 d6 3. d4 cxd4 4. Nxd4 Nf6 5. Nc3 a6 6. Be2 e5 7. Nb3 Be6 8. O-O
Nbd7 9. a4 Rc8 10. Re1 Be7 11. a5 O-O 12. Bf3 Qc7 13. Nd2 Nb8 14. Nf1 Nc6 15.
Bd2 Nd4 16. Ne3 Rfe8 17. g4 h6 18. Bg2 Rcd8 19. h3 Qb8 20. Ncd5 Nd7 21. c3 Nb5
22. Nf5 Bf8 23. g5 Nc7 24. gxh6 Bxf5 25. exf5 Nxd5 26. Bxd5 Nf6 27. hxg7 Bxg7
28. Bg5 Nxd5 29. Qxd5 Qc8 30. Bxd8 Rxd8 31. Qf3 Bf6 32. Rad1 Kf8 33. b3 Ke7 34.
c4 Rg8+ 35. Kf1 Rg5 36. Rd5 Rxf5 37. Qg4 Bg5 38. c5 Qc6 39. Qxf5 Qxd5 40. Qxg5+
Ke8 41. cxd6 1-0

[Event "40th Olympiad Open"]
[Site "Istanbul TUR"]
[Date "2012.09.01"]
[Round "5.32"]
[Board "3"]
[White "Pitirotjirathon, Jirapak"]
[Black "Johannes Manyedi, Mabusela"]
[Result "1/2-1/2"]
[WhiteTitle "FM"]
[BlackTitle "IM"]
[WhiteElo "2270"]
[BlackElo "2306"]
[WhiteTeam "Thailand"]
[BlackTeam "South Africa"]
[WhiteFideId "6200206"]
[BlackFideId "14300702"]
[EventDate "2012.08.28"]

1. d4 Nf6 2. c4 g6 3. Nc3 d5 4. Nf3 Bg7 5. e3 O-O 6. Be2 dxc4 7. Bxc4 c5 8. d5
Nbd7 9. e4 Nb6 10. Be2 Bg4 11. O-O e6 12. h3 Bxf3 13. Bxf3 exd5 14. exd5 Nc4 15.
a4 Qb6 16. Be2 Na5 17. Qc2 Nb3 18. Ra3 Nd4 19. Qd1 Rfd8 20. a5 Qd6 21. Bc4 Nd7
22. Ne4 Qf8 23. Ba2 Nf6 24. Nc3 b5 25. axb6 axb6 26. Rxa8 Rxa8 27. Bc4 Rd8 28.
Bg5 h6 29. Bh4 Nf5 30. Bxf6 Bxf6 31. Qd3 Nd6 32. b3 1/2-1/2